[Event "Bundesliga 1213"]
[Site "Germany"]
[Date "2012.12.08"]
[Round "5.1"]
[White "Kopylov, Michael"]
[Black "Fressinet, Laurent"]
[Result "0-1"]
[WhiteElo "2473"]
[BlackElo "2702"]
[Annotator "Meyer,CD"]
[PlyCount "116"]
[EventDate "2012.10.20"]
[EventType "team-tourn"]
[EventRounds "15"]
[EventCountry "GER"]
[SourceTitle "CBM 152"]
[Source "ChessBase"]
[SourceDate "2013.01.15"]
[SourceVersion "1"]
[SourceVersionDate "2013.01.15"]
[SourceQuality "1"]
[WhiteTeam "Norderstedt"]
[BlackTeam "Werder Bremen"]
[WhiteTeamCountry "GER"]
[BlackTeamCountry "GER"]

1. d4 g6 2. Nf3 Bg7 3. c4 Nf6 4. g3 c5 ({Lenkt das Spiel auf einen
königsindischen Nebenpfad, eine gelegentliche Spezialität des seit der
Bundesliga-Saison 2007/8 in Werder-Diensten stehenden französischen
Großmeisters, während} 4... O-O 5. Bg2 d6 6. O-O {die mit Abstand am
häufigsten gewählte Zugfolge ist.}) 5. d5 ({I Viel häufiger trifft man auf} 5.
Bg2 {, was auch die lästigen gegnerischen Aktivitäten mittels ...b5
unterbindet. Zu 5.Bg2 hier ein paar Partien, darunter zwei Schwarz-Siege von
Laurent Fressinet:} Qa5+ (5... cxd4 6. Nxd4 O-O 7. O-O d5 8. cxd5 Nxd5 9. Nb3
e6 10. Nc3 Nc6 11. Bd2 Nxc3 12. Bxc3 Bxc3 13. bxc3 Qe7 14. Nd4 Bd7 15. Nxc6
Bxc6 16. Bxc6 bxc6 17. Qc2 {1/2-1/2 Ivanchuk,V (2769)-Sutovsky,E (2687)/
Amsterdam 2012/CBM 150}) 6. Nbd2 (6. Bd2 Qb6 7. Nc3 (7. dxc5 Qxc5 8. Qb3 Nc6 9.
Nc3 O-O 10. Be3 Qa5 11. O-O d6 12. h3 Rb8 13. Rac1 Bd7 14. a3 Rfc8 15. Qa2 a6
16. b4 Qd8 17. Rfd1 b5 18. c5 Be6 19. Qb1 Bf5 20. Qb3 Be6 21. Qb1 a5 22. Nd4
Nxd4 23. Bxd4 axb4 24. Qxb4 Nd7 25. cxd6 Bf8 26. Nxb5 Rxc1 27. Rxc1 exd6 28.
Bb2 Ne5 29. a4 Bd7 30. f4 Bxb5 31. axb5 Nd7 32. Qc3 f6 33. Bc6 Be7 34. Kg2 Nc5
35. Ra1 Qc7 36. Qc4+ Kg7 37. g4 h6 38. Bc3 g5 39. e3 d5 40. Bxd5 {1-0
Kempinski,R (2600)-Bologan,V (2678)/Eretria 2011/CBM 143 Extra}) 7... cxd4 8.
Na4 Qd6 9. Bf4 Qb4+ 10. Bd2 Qd6 11. Bf4 Qb4+ 12. Bd2 Qd6 13. Bf4 {1/2-1/2
Maletin,P (2596)-Inarkiev,E (2707)/Tyumen 2012/CBM 149}) (6. Nc3 Ne4 7. Qd3
cxd4 8. Nxd4 Nc5 9. Qe3 Nc6 10. Ndb5 Ne6 11. Bd2 Qd8 12. Nd5 Bxb2 13. Rd1 Bg7
14. O-O O-O 15. Bc3 a6 16. Bxg7 Nxg7 17. Nd4 e6 18. Nc3 Qe7 19. Ne4 f5 20. Nd6
e5 21. Nb3 Rb8 22. Qb6 Ne6 23. c5 e4 24. f3 exf3 25. exf3 f4 26. Rfe1 fxg3 27.
hxg3 Qg5 28. Kf2 Ne5 29. Ne4 {0-1 Tregubov,P (2636)-Fressinet,L (2638)/Cergy
Pontoise 2004/CBM 101}) 6... cxd4 7. Nxd4 Nc6 8. Nc2 d6 9. O-O O-O 10. e4 Bg4
11. f3 Be6 12. Kh1 Rac8 13. Ne3 Qb6 14. Re1 Nd7 15. Bf1 Nc5 16. Rb1 Nb4 17. a3
Nbd3 18. Re2 Bd4 19. b4 Bxe3 20. bxc5 Qc6 21. cxd6 Qxd6 22. Qc2 Bb6 23. Bb2
Rfd8 24. Qc3 f6 25. e5 Qc5 26. Bg2 Nf2+ 27. Rxf2 Qxf2 28. Ne4 Qe2 29. Qe1 Qxe1+
30. Rxe1 f5 31. Ng5 Bxc4 {0-1 Zagorskis,D (2497)-Fressinet,L (2700)/Porto
Carras 2011/EXT 2012}) ({II} 5. Nc3 Qa5 6. Bd2 cxd4 7. Nxd4 Nc6 8. Nc2 O-O 9.
Bg2 d6 10. h3 Be6 11. Nd5 Qd8 12. O-O Rc8 13. Rc1 Ne5 14. Nxf6+ Bxf6 15. b3 Nc6
16. Ne3 Bb2 17. Rb1 Bg7 18. Kh2 Bd7 19. Nd5 Be6 20. Nf4 Bd7 21. Rc1 a6 22. Be3
b5 23. Nd5 Rb8 24. c5 e6 25. Nb6 d5 26. Bf4 Be5 27. Bxe5 Nxe5 28. e4 Bc6 29.
exd5 exd5 30. f4 Nd7 31. Bxd5 Nxc5 32. Rxc5 Bb7 33. Bxb7 Qxb6 34. Rd5 Rxb7 35.
Qd4 Qxd4 {1/2-1/2 Pigusov,E (2576)-Fressinet,L (2640)/Rethymnon 2003/CBM 098})
5... b5 $5 6. cxb5 Qa5+ ({Ein ganz anderes Thema wäre} 6... a6 {mit Übergang
zum angenommenen Benkö-Gambit (A58).}) 7. Bd2 Qxb5 8. Nc3 Qb6 9. Na4 $1 $146 {
Vermutlich von Kopylov vorbereitet, der damit einer Empfehlung von Emil
Sutovsky aus dem Jahre 2005 (laut ECO/E4) folgt , die aber - zumindest nach
meinen Unterlagen - bis zu diesem Zeitpunkt noch keine praktische Anwendung
gefunden hat. Der Springerzug zeigt - auch in den nachfolgenden Varianten -,
dass die schwarze Dame exponiert steht.} ({Das bekannte} 9. Bg2 {indes ist von
Schwarz m.E. weniger zu befürchten. Hierzu ein neueres und ein interessantes,
etwas älteres Beispiel:} d6 10. O-O O-O 11. Re1 (11. Qc2 Na6 12. Bf4 Rb8 13. b3
Nb4 14. Qd2 Bb7 {- ><d5 -} 15. Nh4 Rfc8 16. Rac1 Qa5 17. Rfd1 c4 $1 $40 18. a3
(18. Be3 Nxa2 $3 $17) (18. bxc4 Rxc4 $17) 18... cxb3 $3 {Der freie b-Bauer
bricht Weiß das Genick} 19. Nb1 (19. axb4 Qxb4 $17) 19... b2 (19... Rxc1 $142
20. Rxc1 b2 $1 21. Qxb2 $140 Nbxd5) 20. Rxc8+ Bxc8 $17 21. Be3 (21. Qxb2 Na6
$17) (21. axb4 Qxb4 $17 {und das kräftige Freibauern-Duo bietet Schwarz gute
Gewinnchancen}) 21... Ng4 22. axb4 Qxb4 $6 (22... Rxb4 $142 $17 23. Bxa7 $4
Qxa7 24. Qxb4 Nxf2 $19) 23. Bxa7 Qxd2 24. Rxd2 $15 {, Kotsur - Sutovsky,
Moscow Aeroflot op-A, 2005, 0:1/37}) 11... Nbd7 (11... Na6) 12. Rb1 Bb7 13. e4
Ng4 14. Na4 Qc7 15. Bc3 Ba6 16. Bxg7 Kxg7 $13 {/=, Efimenko,Z (2702) -
Jovanovic,Z (2581), Porto Carras 2011, 1:0/55}) 9... Qd6 {Nach langem
Überlegen; der Damenzug wirkt zwar etwas disharmonisch, ist aber nicht
schlechter als Qb7 oder Qc7.} ({Man sehe z.B.: I} 9... Qb7 10. Nxc5 Qxd5 $6 (
10... Qxb2 $5 {, z.B.} 11. Nd3 Qb7 12. Bg2 $5 (12. d6 $5 $44) 12... Qxd5 13.
Nb4 (13. Nh4 $2 Ne4) 13... Qb7 14. Rb1 d5 15. Nxd5 Qxd5 16. Nh4 Ne4 17. Qa4+
Bd7 18. Qxe4 Qxe4 19. Bxe4 Nc6 20. O-O $14) 11. Bg2 $1 Nc6 12. Rc1 Rb8 13. b3 (
13. O-O $5 Qxa2 (13... O-O 14. b3 {führt unter Zugumstellung zur 13.b3-Variante
}) 14. Bc3 Rb5 15. b3 Rxc5 16. Ra1 Qxa1 17. Qxa1) 13... O-O {und lt. ECO/
Sutovsky "=", doch m.E. verdient die weiße Position schon nach dem weiteren}
14. O-O {eindeutig den Vorzug, z.B.:} Qd6 {Die schwarze Dame steht nun
besonders ungemütlich.} ({Oder} 14... Qh5 $143 15. Bg5 $1 Bh6 (15... d6 16.
Bxf6 dxc5 (16... Bxf6 17. Ne4) 17. Bxg7 Kxg7 18. Qd2 $16) 16. h4 $16) 15. Ne1
$1 {/\Ned3} e6 16. Ned3 Nd5 17. e4 Nb6 18. Be3 $16) ({II} 9... Qc7 10. Nxc5 (
10. Rc1 $143 Na6 11. b4 (11. Nxc5 $143 Nxc5 12. b4 Bb7) 11... Qb7) 10... Na6 (
10... Nxd5 11. Rc1) 11. Nxa6 (11. Nd3 $14) 11... Bxa6 12. Bc3 O-O (12... Qc5
13. e3 Bb7 (13... Bxf1 14. Kxf1 O-O 15. d6 exd6 16. Kg2 $14) 14. d6 exd6 15.
Bg2 $14) 13. Bg2 $14) 10. Nxc5 ({Nachhaltiger scheint jedoch} 10. Bc3 $5 O-O
11. Bg2 $14 {zu sein}) ({oder mit Zugumstellung} 10. Bg2 $5 O-O 11. Bc3 $14 {
nebst komplexen Möglichkeiten, wobei Weiß die Anfälligkeit seines Bauern d5
recht gut kompensieren kann. In jedem Fall wirkt die weiße Stellung etwas
angenehmer, z.B.} Nxd5 (11... Bb7 12. Nd2 $5 Nxd5 (12... Qc7 13. Bxf6 (13. e4
d6 14. Rc1) 13... Bxf6 14. Qb3 d6 15. Nxc5 Ba6 16. Nce4) (12... Bxd5 $2 13. e4)
13. Bxg7 Kxg7 {ist Zugumstellung zu 11...Nxd5/13...Bb7}) (11... Qxd5 12. Qxd5
Nxd5 13. Bxg7 Kxg7 14. Nxc5) 12. Bxg7 Kxg7 13. Nd2 $5 (13. Rc1) 13... Bb7 (
13... Ba6 $4 14. Ne4) (13... e6 14. Ne4) 14. Nc4 (14. O-O) 14... Qa6 15. Rc1 (
15. Nxc5)) 10... O-O $13 ({Oder: I} 10... Qxd5 $143 $6 {, siehe 9...Qb7/10...
Qxd5?!}) ({II} 10... Nxd5 $13) 11. Nd3 $6 ({Schon der erste Fehltritt. Von nun
ab läuft das Spiel zugunsten des Nachziehenden. Geeigneter war} 11. Rc1 $142
Na6 (11... Nxd5 12. Qb3 Nb6 13. Bg2 $13) 12. Nd3 $13) 11... Ba6 (11... Nxd5
$142 $1 {kam jetzt sehr in Betracht, z.B.} 12. e4 (12. Bg2 Ba6) 12... Nb6 13.
Bb4 Qe6 $15 {und die weißen Figuren sind unkoordiniert.}) 12. Nb4 $2 {Weiß
strapaziert seinen agilen Damenspringer zu oft und gerät mit der Entwicklung
seines Königsflügels in Rückstand. Statt dessen hätte er sich mit} (12. Bc3
$142 {bescheiden sollen:} Nxd5 (12... Qxd5 $143 13. Bg2) 13. Bxg7 Kxg7 14. Bg2
Nc6 15. Rc1 Ncb4 16. Nxb4 Qxb4+ 17. Nd2 e6 18. Rb1 $13) 12... Nxd5 13. Nxa6 ({
Alternativen, z.B.: I} 13. Nxd5 Qxd5 14. Bg2 Nc6 15. Bc3 Bxc3+ 16. bxc3 Qe4 $17
) ({II} 13. Qb3 Nxb4 14. Bxb4 Qb6 15. Bc3 Bxc3+ 16. bxc3 Nc6 $17) 13... Nxa6 $5
({Natürlich und völlig okay. Stärker war das lediglich für Computer
berechenbare} 13... Bxb2 $142 $1 $17 {; hierzu ein paar Anregungen:} 14. Nb4 (
14. Rb1 Nc3) (14. Nxb8 Raxb8 {/\Nc3} 15. Bh3 Nc3 16. Bxc3 Bxc3+ 17. Kf1 Bxa1
18. Qxa1 Rfc8 19. Kg2 Rc2 20. Rd1 Qc5 21. Rxd7 Rxe2 22. Qd4 Qxd4 23. Nxd4 Rxa2
24. Rxe7 Rbb2) 14... Nc3 15. Qb3 Bxa1 16. Bxc3 Bxc3+ 17. Qxc3 Na6 18. Nxa6 Rfc8
19. Qd3 Qb6 20. e3 Rc1+ 21. Ke2 Rac8 {. Schwarz hat aber auch in der Partie
Vorteil.}) 14. e4 $6 ({Das geringe Übel war} 14. Rb1 $142 Rfc8 (14... Nc5 15.
Bg2 Rab8 16. O-O Bxb2 17. Qc2 Bg7 $15) 15. Bg2 Rab8 $15) 14... Ndb4 ({Wieder
verschmäht Fressinet den Bauern b2:} 14... Bxb2 $142 $1 15. exd5 (15. Rb1 $2
Nc3) 15... Bxa1 16. Qxa1 Nb4 $17 {, indes gibt ihm auch der Textzug Vorteil.})
15. Bc3 $6 ({Zäherer Widerstand war mit} 15. Bxa6 $142 {zu leisten:} Nxa6 16.
O-O Bxb2 17. Rb1 Bg7 (17... Rfb8 18. Be3 Qxd1 19. Rfxd1 d6 $15) 18. Be3 Qc6 19.
Qd3 d6 20. Rfc1 Nc5 21. Bxc5 dxc5 22. Qe3 Rac8 23. Rc4 $15) 15... Qc6 $1 16. e5
({I} 16. Bxa6 Bxc3+ 17. bxc3 Qxc3+ 18. Kf1 Nxa6 $17) ({II} 16. Bxg7 Kxg7 (16...
Qxe4+ $2 17. Be2 Kxg7 18. O-O $13) 17. Bxa6 Nc2+ 18. Kd2 Nxa1 19. Bd3 d5 $1 $17
) 16... Nd5 $2 ({Nun aber ein schwerer Fehler, der Weiß die Möglichkeit gibt,
wieder ins Spiel zurückzukommen. Richtig war der taktische Schlag} 16... Bxe5
$142 $1 {, z.B.} 17. Bxe5 Nc2+ 18. Kd2 Nxa1 $17 {. Fressinet läßt die Zügel
allzu locker, wobei ihm die eine und andere taktische Finesse entgeht.}) 17.
Bxa6 $2 ({Damit verpaßt der ukrainische IM bereits die letzte, echte
Rettungschance, die ihm} 17. Bd4 $142 {geboten hätte:} Rac8 18. Be2 Nab4 19.
O-O $13) 17... Nxc3 18. Qd3 (18. bxc3 Qxa6 19. Qe2 Qe6 20. O-O Rfc8 $17) 18...
Na4 19. Bb5 Nxb2 20. Bxc6 (20. Qe2 Qc3+ 21. Kf1 Nd3 22. Rd1 Nxe5 23. Nxe5 Bxe5
24. Rxd7 Rad8 $17) 20... Nxd3+ 21. Ke2 dxc6 22. Kxd3 Rfd8+ 23. Ke4 $2 ({
Auch nach} 23. Ke2 Rd5 $17 {wäre Weiß auf Dauer verloren gewesen.}) 23... f5+
24. exf6 (24. Ke3 Rd5 $19) 24... exf6 $19 {Mit Mehrbauer bei besserer Stellung
sollte der Rest für den großen Favoriten lediglich eine Sache der Geduld und
Sorgfalt sein.} 25. Rad1 Re8+ 26. Kd3 Rad8+ 27. Kc4 Re4+ 28. Kc5 (28. Rd4 f5
29. Rxe4 fxe4 30. Ng5 Rd4+ 31. Kb3 a5 $19) 28... Rc8 $6 ({Dem Wanderkönig war
energisch mit dem kombinatorischen} 28... Bf8+ $142 $1 {(auch ...Rb8)
beizukommen, etwa nach} 29. Kxc6 Rc4+ 30. Kb7 (30. Kb5 Rdc8 31. Nd4 (31. Rd4
Rc3 $19) 31... Rb4+ 32. Ka6 (32. Ka5 Rb2) 32... Rb6+ 33. Kxa7 Bc5 $19) 30...
Bd6 31. Kxa7 (31. Rd4 Rc3 $19) 31... Rc7+ 32. Ka6 Ra8+ 33. Kb6 Rb8+ 34. Ka6 Bc5
$19 {. Nun nach dem verhaltenen Partiezug zieht sich der technische Teil in
die Länge.}) 29. Rd4 Bf8+ (29... Re2 30. Rd2 Rxd2 31. Nxd2 Re8 $17) 30. Kc4
Rce8 $17 31. Rhd1 c5 32. Rxe4 Rxe4+ 33. Kd5 Ra4 34. Rd2 Ra3 35. Ne1 Ra6 36. Nf3
Kf7 37. Rb2 Be7 38. Re2 h5 39. Rb2 g5 40. Re2 Ra3 41. Ne1 h4 42. Kc4 h3 $5 43.
Rc2 (43. Nd3 Ra4+ 44. Kb3 (44. Kb5 Rd4 $17) 44... Rd4 $17) 43... Ra4+ 44. Kb5 (
44. Kb3 Rb4+ 45. Kc3 Rb1) 44... Rd4 (44... Rb4+ 45. Kc6 Rb1) 45. Ka6 (45. Re2
Rb4+ 46. Kc6 c4 $19 {, z.B.} 47. Kd5 c3 48. Nd3 Rb1 49. Rc2 Rg1 50. Rxc3 Rg2
51. Rc1 Rxh2) 45... g4 (45... Rd1 46. Re2 (46. Nf3 Rh1) 46... c4 {/\c3-+}) 46.
Kxa7 (46. Re2 f5 $1 (46... c4 $6 47. Nc2 Rd1 48. Ne3) 47. Nc2 Ra4+ 48. Kb5 Rxa2
49. Nd4 Rxe2 50. Nxe2 Bd6 $19) 46... c4 $19 47. Kb6 Re4 48. Rc1 Ba3 49. Rd1 Re2
50. Kb5 c3 51. Ka4 Rxa2 52. Kb3 Rd2 53. Ra1 Bd6 54. Ra6 Be5 55. f4 Bd4 56. Nc2
Bg1 57. f5 Rxh2 58. Ra4 Rxc2 {. Eine interessante Kampfpartie mit
bemerkenswerter Eröffnungs- und Mittelspielphase (Königsindische Spezialitäten)
.} 0-1

[Event "Belgrade Investbank"]
[Site "Belgrade"]
[Date "1991.??.??"]
[Round "?"]
[White "Jussupow, Artur"]
[Black "Sokolov, Ivan"]
[Result "0-1"]
[WhiteElo "2625"]
[BlackElo "2570"]
[Annotator "Dautov,R"]
[PlyCount "72"]
[EventDate "1991.11.??"]
[EventType "tourn"]
[EventRounds "11"]
[EventCountry "YUG"]
[EventCategory "15"]
[SourceTitle "CBM 027"]
[Source "ChessBase"]
[SourceDate "1992.04.01"]
[SourceVersion "1"]
[SourceVersionDate "1992.04.01"]
[SourceQuality "1"]

1. d4 {Yusupov} Nf6 2. c4 g6 3. Nf3 Bg7 4. g3 c5 5. Bg2 Qa5+ 6. Nc3 (6. Qd2 $6
Nc6 7. d5 Ne4 8. Qxa5 Nxa5 9. Na3 Nd6 10. Nd2 Rb8 11. e3 a6 12. Rb1 b5 13. Bf1
e6 14. dxe6 dxe6 15. Be2 O-O 16. O-O $15 {Karpov,An-Kasparov,G,Brussels 5',1990
}) (6. Bd2 Qb6 7. Nc3 (7. dxc5 Qxc5 8. Qb3 Nc6 9. Nc3 O-O 10. Rc1 d6 11. Be3
Qa5 12. Bd2 Qc5 13. Be3 Qa5 14. Bd2 Qb4 15. Qxb4 Nxb4 16. Nd4 d5 17. a3 Nc6 18.
Nxc6 bxc6 19. cxd5 cxd5 20. Nxd5 Nxd5 21. Bxd5 Rb8 $10 {Smejkal,J-Nunn,J,
BL8788,HSV-Muenchen 36}) (7. Bc3 Ne4 8. O-O O-O 9. Qd3 Nxc3 10. Nxc3 cxd4 (
10... d6 $5 $10) 11. Nd5 Qd8 12. Nxd4 Nc6 13. e3 d6 14. Rac1 Bd7 15. Rfd1 $14)
7... cxd4 8. Na4 Qc7 (8... Qc6 $2 9. O-O Ne4 10. Ng5 f5 11. Nxe4 fxe4 12. e3 $1
$16 {Dautov,R-Shirov,A,Brno 1991 CBM 26}) (8... Qd6 $5 $13) (8... Qd8 9. Nxd4
Nc6 10. Nxc6 (10. Bc3 $5 $14) 10... bxc6 11. O-O O-O 12. Rc1 d5 13. Be3 e6 14.
Nc5 Qe7 15. cxd5 cxd5 16. Nd3 Re8 17. Bd4 a5 18. Re1 h5 19. Qc2 Ba6 20. Nc5 e5
21. Nxa6 Rxa6 22. Be3 Qe6 23. Red1 $14 {Dzindzichashvili,R-Gurevich,D USA-ch m,
1991}) 9. Nxd4 d6 (9... Nc6 $14 {Yusupov}) 10. Rc1 O-O 11. O-O Nc6 12. Nb5 Qd8
13. Nbc3 Bg4 14. h3 Bd7 15. Kh2 Rc8 16. b3 $14 {Davies,N-Sokolov,I,Preston 1989
}) 6... Ne4 7. O-O $2 (7. Bd2 Nxd2 8. Qxd2 O-O $1 (8... cxd4 9. Nxd4 Nc6 10. e3
O-O (10... Qc5 {Yusupov} 11. Nb3 Qxc4 12. Nd5 O-O $17) 11. O-O Rb8 12. Rfd1 e6
13. a3 a6 14. Rac1 Ne5 15. Ne4 Qxd2 16. Rxd2 b5 17. cxb5 axb5 18. b3 Rb6 19.
Rc7 Bb7 20. h3 Bxe4 21. Bxe4 d5 22. Bg2 g5 23. Bf1 Rfb8 $14 {Karpov,An-Timman,
J Amsterdam Euwe-Mem 1988}) 9. e3 d6 10. h3 Nc6 (10... Nd7 $5 $10) 11. O-O Rb8
12. Rfd1 a6 13. a3 b5 14. b4 $1 Qb6 15. bxc5 $6 (15. dxc5 dxc5 16. Nd5 Qa7 17.
Rac1 Rd8 18. Qe2 e6 19. cxb5 $14 {Kir.Georgiev}) 15... dxc5 16. cxb5 axb5 17.
dxc5 Qxc5 18. Rac1 Na5 $1 $15 {Kir.Georgiev-Sokolov,I,Jugoslavija 1991}) (7.
Qd3 $1 cxd4 8. Nxd4 Nc5 9. Qd1 Nc6 10. e3 (10. Be3 Ne6 11. Nxe6 Bxc3+ 12. bxc3
dxe6 $13) 10... Ne6 11. O-O O-O (11... Ncxd4 $5 12. exd4 Bxd4 (12... Nxd4 13.
Nd5 $146) 13. Nd5 Qd8 14. Qe2 Bg7 $13) 12. Nxe6 dxe6 13. Bd2 Qc5 14. Qe2 Ne5
15. b3 Rd8 16. Rfd1 Rb8 17. Ne4 Qc7 18. Bc3 $16 {Dizdar,G-Waganian,R Saraevo
1987}) 7... Nxc3 8. bxc3 Qxc3 9. Bg5 (9. Rb1 {Yusupov} Qxc4 10. Nd2 Qa6 11.
dxc5 O-O $17) 9... Qa5 $1 (9... cxd4 $2 10. Qa4 d3 (10... Nc6 11. Bd2 Qb2 12.
Rab1 $18) 11. Rac1 dxe2 12. Rxc3 exf1=Q+ 13. Kxf1 Bxc3 14. Qa3 $16) (9... Qxc4
$2 10. Rc1 Qxa2 11. Rxc5 Nc6 12. d5 $36) 10. d5 (10. Rb1 {Yusupov} cxd4 11. Rb5
Qd8 12. Nxd4 Nc6 13. Nxc6 $146) 10... d6 (10... Bxa1 $2 {Yusupov} 11. Qxa1 f6
12. Bxf6 exf6 13. Qxf6 Rf8 14. Qe5+ Kd8 15. Qg7 Re8 16. d6 $18) 11. Rb1 Qxa2 $1
12. e4 Nd7 13. Re1 (13. e5 {Yusupov} Nxe5 14. Nxe5 Bxe5 15. Re1 $146) 13... Ne5
$1 14. Nxe5 Bxe5 $19 15. Bh6 (15. f4 Bd4+ 16. Kh1 h6 17. Bh4 g5 18. fxg5 hxg5
19. Bxg5 Bh3 (19... Qf2 {Yusupov} 20. Bh4 Rxh4 21. gxh4 Be5 (21... Qxh4 22. e5
Bxe5 23. Rxe5 dxe5 24. d6 $146) 22. Re2 Qxh4 (22... Qf4 23. Qg1 $44) 23. Bf3
Kd8 24. Qa4 $15) (19... f6 20. e5 dxe5 21. Qd3 fxg5 (21... Kf7 22. d6 fxg5 23.
Rf1+ Kg7 24. g4 (24. Qf3 Be6 25. Rxb7 Rxh2+ $19) 24... b6 (24... Bxg4 25. Qg3
Rh4 26. Rxb7 Re8 27. Rxe7+ Rxe7 28. dxe7 Qa4 29. Rf8 $18) 25. dxe7 Bxg4 26. Rf5
Bxf5 27. Qxf5 Rxh2+ 28. Kxh2 Rh8+ 29. Kg3 Qa3+ 30. Bf3 Qe3 31. e8=N+ Rxe8 32.
Qd7+ Kf8 $17) 22. Qg6+ Kd8 23. d6 Re8 24. Bxb7 $40) 20. Re2 Bxg2+ 21. Kxg2 Qxc4
22. Rxb7 f6 23. Bf4 a5 $19) 15... b6 16. Qd3 (16. f4 {Yusupov} Bd4+ 17. Kh1 Bb7
18. e5 O-O-O 19. e6 $17 (19. Qd3 $17)) 16... Qa4 17. Bf1 (17. Rb3 $17 {Yusupov}
) 17... Qd7 18. h3 Qc7 19. Re2 Bd7 20. Ra2 Bd4 21. Ra6 Rb8 22. Qa3 Rb7 23. Kg2
(23. Be2 {Yusupov}) 23... Kd8 24. Be2 Kc8 25. Bg4 Kb8 26. Qf3 Bxg4 27. hxg4 e6
28. Bd2 h5 29. gxh5 exd5 $1 30. h6 dxc4 31. Rh1 (31. Rc1 $142 {Yusupov} b5 32.
e5 $19) 31... Qc6 32. Rh4 f6 33. Kg1 g5 34. Rh5 Re7 35. Qa3 Qxe4 36. Qa2 c3 0-1